=LDR 00000nam 2200000 4500 =001 INLIS000000000029658 =005 20130612131856 =008 ***********************************Ind** =035 ##$$a0010-061300000029658 =041 ##$$a Ind =082 ##$$a 342.095 98 =090 ##$$a 342.095 98, Hud h =100 ##$$a Huda, Ni'matul =245 ##$$a Hukum tata negara Indonesia, Ni'matul Huda =260 ##$$a 2006 $b Jakarta =300 ##$$a xiv, 366 hlm, 21 cm =650 ##$$a Hukum Tata Negara Indonesia =850 ##$$a NBPNMAT =990 ##$$a 90531/BPAP-NTB/2014 =990 ##$$a 91852/BPAP-NTB/2014 =990 ##$$a 21400613/BPAP-NTB/20142014